Advance Report of the Comptroller and Auditor General of India: 1980-81. Union Government (Railways) (Record no. 508860)

000 -LEADER
fixed length control field 00395cam a22001217a 4500
008 - FIXED-LENGTH DATA ELEMENTS--GENERAL INFORMATION
fixed length control field 180718b1981 xxu||||| |||| 00| 0 eng d
082 ## - DEWEY DECIMAL CLASSIFICATION NUMBER
Classification number L906x54 C/1980-81/A
245 ## - TITLE STATEMENT
Title Advance Report of the Comptroller and Auditor General of India: 1980-81. Union Government (Railways)
260 ## - PUBLICATION, DISTRIBUTION, ETC. (IMPRINT)
Place of publication, distribution, etc Delhi
Name of publisher, distributor, etc The Controller of Publications
Date of publication, distribution, etc 1981
300 ## - PHYSICAL DESCRIPTION
Extent 468p.
650 ## - SUBJECT ADDED ENTRY--TOPICAL TERM
Topical term or geographic name as entry element Railways
9 (RLIN) 4382
942 ## - ADDED ENTRY ELEMENTS (KOHA)
Source of classification or shelving scheme
Holdings
Withdrawn status Lost status Source of classification or shelving scheme Damaged status Koha normalized classification for sorting Not for loan Permanent location Current location Date acquired Full call number Barcode Date last seen Price effective from Koha item type
        L_906X54_C_198081_A   Indian Institute of Public Administration Indian Institute of Public Administration 2019-04-15 L906x54 C/1980-81/A GG33952 2019-04-15 2019-04-15 GG

Powered by Koha